| 000 | 00981nam a22002297a 4500 | ||
|---|---|---|---|
| 999 |
_c7352 _d7352 |
||
| 003 | AR-CdUCM | ||
| 008 | 190320b ||||| |||| 00| 0 spa d | ||
| 040 |
_aMUNICIPALIDAD PROVINCIAL DEL CUSCO _cBIBLIOTECA MUNICIPAL DEL CUSCO |
||
| 082 |
_22 ed. _a155.2 / _bM26 |
||
| 100 |
_aMarañon, G. _920717 |
||
| 245 | _aLa evolución de la sexualidad y los estados intersexuales / | ||
| 260 |
_aSantiago de Chile : _bCultura. |
||
| 300 |
_a253 páginas ; _c29 cm. |
||
| 440 |
_a"Hombres e ideas" Filosofía -Política - Biografías _n19 _920718 |
||
| 500 | _aDonación de la familia Nieto. | ||
| 505 | _aContenido: La evolución de la sexualidad y los estados intersexuales -- Estudio de los caracteres sexuales -- Estudio de los caracteres sexuales (continuación) -- Clasificación de los estados sexuales -- el Hermafroditismo ... | ||
| 650 |
_aFeminización _920719 |
||
| 650 |
_aSexualidad _99609 |
||
| 650 |
_aDiferencia sexual _920720 |
||
| 942 |
_2ddc _cLIBROS |
||
| 945 | _araen | ||